Avtomatizacija processov očistki stočnych vod chimičeskoj promyšlennosti

Gespeichert in:
Bibliographische Detailangaben
Hauptverfasser: Smirnov, D.N (Verfasst von), Dmitrijev, A.S (Verfasst von)
Format: Buch
Sprache:Russisch
Veröffentlicht: Leningrad : Chimija, 1981
Ausgabe:2.preprac.vyd.
Tags: Tag hinzufügen
Keine Tags, Fügen Sie das erste Tag hinzu!

MARC

LEADER 00000nam a22000003a 4500
001 stu161657
005 20150617225955.2
008 080418s1981----xxr-----------------rus-d
040 |a STU  |b slo 
041 0 |a rus 
044 |a xxr 
080 |a 66 
080 |a 628.543  |7 stu_us_auth*stu3692 
080 |a 65.011.56 
100 1 |a Smirnov, D.N.  |4 aut 
245 1 |a Avtomatizacija processov očistki stočnych vod chimičeskoj promyšlennosti 
250 |a 2.preprac.vyd. 
260 |a Leningrad :  |b Chimija,  |c 1981 
300 |a 198 s 
700 1 |a Dmitrijev, A.S.  |4 aut 
996 |c V*20614/O-8037  |l VV17  |s P  |a 0  |w stu161657_0001 
996 |c V*21081/O-8222  |l VV17  |s P  |a 0  |w stu161657_0002